My Chemical Romance Thank You for the Venom Lyrics - Statistics

General Stats
  • This quiz has been taken 471 times
  • The average score is 305 of 364
Answer Stats
Answer % Correct
I
100%
a
99%
A
99%
you
99%
You
99%
And
97%
and
97%
me
97%
never
96%
so
96%
So
96%
the
96%
your
94%
all
92%
Give
92%
give
92%
if
92%
If
92%
make
92%
poison
92%
is
90%
on
90%
that
90%
That
90%
ill
89%
pills
89%
this
89%
what
89%
You'll
89%
you'll
89%
hopeless
88%
leave
87%
Then
87%
kill
86%
want
86%
at
85%
do
85%
fire
85%
something
85%
to
85%
but
84%
I'm
84%
will
84%
hearts
83%
it
83%
It
83%
running
83%
You're
83%
after
82%
Love
80%
wear
80%
reason
79%
carry
78%
believe
77%
not
77%
or
77%
Sister
77%
sleeve
77%
can't
76%
my
76%
understand
75%
criminal
73%
face
73%
much
73%
pretty
72%
chance
71%
had
70%
floor
69%
just
69%
Just
69%
poet
69%
door
65%
like
64%
bleeding
63%
coffin
63%
doctor
63%
made
63%
life
62%
way
60%
What's
59%
rose
58%
scene
57%
front
55%
wouldn't
54%
gonna
53%
red
53%
save
53%
gave
52%
gun
51%
paid
51%
who's
51%
keep
45%
book
44%
hallelujah
44%
load
43%
Lock
43%
better
35%
of
35%
cause
33%
need
32%
serpent
32%
lead
30%
kiss
28%
Preach
27%
follow
25%
Black
24%
makes
24%
mark
24%
wanna
24%
scar
23%
son
23%
touch
21%
one
20%
ain't
18%
No matching quizzes found
Score Distribution
Percent of People with Each Score
Percentile by Number Answered
Your Score History
You have not taken this quiz